| 000 | 00696cab a2200229 4500 | ||
|---|---|---|---|
| 001 | X3747 | ||
| 008 | 090401t1996 xxu||||| |||| 00| 0 eng d | ||
| 035 | _a(Sirsi) u32501 | ||
| 041 | _aeng | ||
| 245 | _aCall for housing and rating reforms | ||
| 260 | _c1996 | ||
| 350 | _a0 | ||
| 490 |
_aCSM (Chartered Surveyor Monthly) _v5(11) September 1996, 4(1) |
||
| 520 | _aThe RICS president, Jeremy Bayliss, has outlined to the Chancellor the Institution`s proposals for the Autumn budget of 1996. | ||
| 650 | _aBUDGET 1996 | ||
| 650 | _aBUDGET PROPOSALS | ||
| 650 | _aHOUSING INVESTMENT TRUSTS | ||
| 690 | _aHOUSING | ||
| 690 | _aRATING AND VALUATION | ||
| 942 | _n0 | ||
| 948 | _c04/03/1997 | ||
| 999 |
_c21759 _d21759 |
||